Población: Valparaíso

Saved in:
Bibliografiske detaljer
Institution som forfatter: Instituto Nacional de Estadísticas (Author)
Format: Bog
Sprog:spansk
Udgivet: Santiago INE 1970
Fag:
Tags: Tilføj Tag
Ingen Tags, Vær først til at tagge denne postø!

MARC

LEADER 00000nam a2200000 a 4500
001 UCY7600
003 CL-VaPUC
008 950616e19700000CL |||||||||||||||||spa|d
082 0 4 |a 304.6021  |b INS  |2 21 
110 2 |a Instituto Nacional de Estadísticas  |e author  |9 338198 
245 1 0 |a Población: Valparaíso 
246 1 0 |a XIV censo de población y III de vivienda 
300 |a 161 p 
942 |c BK 
945 |d 19950616 00:00:00  |a mfernand 
260 |a Santiago  |b INE  |c 1970 
650 0 |a Censo  |9 336842 
650 0 |a Población  |9 257577 
650 0 |a Vivienda  |9 258662 
651 7 |a CHILE  |2 CL-VaPUC  |9 338199 
583 |a last modification  |c 19950616 00:00:00  |k Rodrigo Vera 
999 |c 234937  |d 234935 
952 |0 0  |1 0  |4 0  |6 304_602100000000000_INS_1970  |7 0  |8 P  |9 241948  |a BIBEDU  |b BIBEDU  |c BIBEDU_PB  |d 2019-11-18  |i 1520350  |o 304.6021 INS 1970  |p 1520350  |r 2024-01-25  |w 2019-11-18  |y BK  |k EDU 
952 |0 0  |1 0  |4 0  |6 304_602100000000000_INS_1970  |7 0  |8 X  |9 241949  |a BIBING  |b BIBING  |d 2019-11-18  |i 4075625  |o 304.6021 INS 1970  |p 4075625  |r 2025-01-20  |w 2019-11-18  |y BK_X  |k GEO